00857nam a2200217 a 4500001001000000003000500010005001700015008004100032010001100073011001100084040000900095100003500104245018400139260004100323500006000364502007100424650003000495650002100525650002300546856007000569000110101CHAP20250813125459.0140723s2014 mx | |sm |||||||spa|d a106563 a107535 cCHAP00aCruz de la Cruz, Emigdio de la10aDinámica poblacional y distribución espacial de Diaphorina citri Kuwayama sobre naranja valencia late en el norte de Veracruzh[En línea]cpor Emigdio de la Cruz de la Cruz. aChapingo, Méx. :bEl autor,c2014. aPara ver el contenido del material haga clic en la liga aTesis (Ph. D. en Horticultura) -- UACH. Departamento de Fitotecnia14aCítricosxEnfermedades.14aDiaphorina citri14aNaranjazVeracruz. aFinding aiduhttp://10.13.5.2/tesis/sist110101.pdfzTeclea aquí